[Event "1st Fischer Memorial 2017"]
[Site "Heraklion"]
[Date "2017.04.21"]
[Round "6"]
[White "Kapnisis, Spyridon"]
[Black "Postny, Evgeny"]
[Result "1/2-1/2"]
[WhiteElo "2451"]
[BlackElo "2606"]
[Annotator "TA"]
[PlyCount "91"]
[EventDate "2017.??.??"]
[EventType "tourn"]
[EventCountry "GRE"]
[SourceTitle "playchess.com"]
[Source "ChessBase"]
[SourceQuality "1"]

1. c4 $146 (1. Nf3 d5 2. g3 c5 3. Bg2 Nc6 4. O-O e5 5. d3 Nf6 6. e4 dxe4 7. dxe4 Qxd1 8. Rxd1 Bg4 9. c3 Nxe4 10. Re1 f5 11. Nh4 O-O-O 12. f3 g5 13. fxg4 gxh4 14. gxf5 Nf6 15. Bg5 Bg7 16. Bxh4 Rhe8 17. Bxc6 bxc6 {1-0 (52) Amin,B (2629)-Eldesoky,H (2318) Cairo 2014}) 1... e6 2. Nc3 c5 3. Nf3 Nf6 4. e4 Nc6 5. d4 cxd4 6. Nxd4 Bb4 7. Nxc6 dxc6 8. Qxd8+ Kxd8 9. e5 Nd7 10. Bf4 Bxc3+ 11. bxc3 b6 {B44: Sicilian: Taimanov: 5 Nb5} 12. h4 Bb7 $146 (12... Ke7 13. Rh3 Re8 14. Rg3 Kf8 15. h5 h6 16. Rd1 Re7 17. Bd3 Nc5 18. Bh7 Rd7 19. Rd4 {½-½ (72) Petrosian,T (2592)-Petrosyan,M (2550) Yerevan 2017}) 13. h5 h6 14. Rh4 Ke7 15. Rg4 Rag8 16. Bd3 f6 17. O-O-O fxe5 18. Bg3 c5 19. Bc2 Nf6 20. Bh4 Bc6 21. f3 Be8 22. Bg6 Ba4 23. Bc2 Be8 24. Bg6 Bf7 25. Re4 Rd8 26. Rde1 Rd3 27. Kc2 Rhd8 28. R1e2 Rd1 29. Rxe5 Ra1 30. Kb2 Rad1 31. Kc2 Ra1 32. Kb2 Rad1 33. Bxf7 Kxf7 34. Bxf6 gxf6 35. Rxe6 R8d2+ 36. Kb3 Rb1+ 37. Ka3 Rxe2 38. Rxe2 f5 39. Rd2 Ke7 40. Rd5 Rg1 {[%cal Bb1g1,Bg1g2,Bg2h2][%mdl 32]} 41. Rxf5 Rxg2 42. f4 Rh2 43. Re5+ Kf6 44. Rd5 Ke7 45. Re5+ Kf6 46. Rd5 1/2-1/2

[Event "1st Fischer Memorial 2017"]
[Site "Heraklion"]
[Date "2017.04.21"]
[Round "6"]
[White "Ristic, Nenad"]
[Black "Gungl, Theo"]
[Result "1-0"]
[WhiteElo "2414"]
[BlackElo "2269"]
[Annotator "TA"]
[PlyCount "177"]
[EventDate "2017.??.??"]
[EventType "tourn"]
[EventCountry "GRE"]
[SourceTitle "playchess.com"]
[Source "ChessBase"]
[SourceQuality "1"]

{[%evp 18,177,23,32,56,50,71,64,85,85,85,85,90,79,87,66,82,54,63,56,75,75,75,71,76,74,64,69,93,55,76,75,75,76,88,65,87,74,97,87,89,74,119,117,140,139,148,149,152,131,141,120,116,0,134,137,149,136,131,136,168,168,168,168,168,162,169,168,167,167,167,167,167,170,168,153,185,148,187,151,172,154,157,141,167,149,185,172,185,186,212,216,200,193,204,166,198,191,190,143,128,136,188,112,216,216,232,218,260,239,242,86,79,0,204,166,158,167,169,150,116,31,39,52,585,577,481,452,452,8,9,0,434,386,416,390,472,1360,779,743,29946,11002,5461,5461,5097,868,29947,5097,29974,29975,29974,29976,29976,29976,29976,29977,29977,29977,29976,29972,12820,11715]} 1. e4 c5 2. Nf3 d6 3. Bb5+ Bd7 4. Bxd7+ Qxd7 5. O-O Nf6 6. e5 dxe5 7. Nxe5 Qc8 8. Qf3 {B52: Sicilian: Moscow Variation with 3...Bd7} e6 9. Nc3 (9. b3 Be7 10. Bb2 Nbd7 11. Nc4 O-O 12. Nc3 Qc7 13. a4 Rad8 14. Rfe1 a6 15. a5 Nb8 {1-0 (97) Nakamura,H (2764)-Gelfand,B (2748) Tashkent 2014}) 9... Nbd7 10. Nc4 {LiveBook: 17 Games. White has an edge.} a6 11. a4 Be7 12. d3 b6 13. Bf4 O-O 14. a5 Qd8 15. axb6 $146 (15. Qb7 bxa5 16. Rxa5 Qc8 17. Qxc8 Rfxc8 18. Rfa1 Rc6 19. Kf1 Nd5 20. Nxd5 {½-½ (20) Menzel,R (2229)-Schroeder,C (2156) Germany 2014}) 15... Nxb6 16. Na5 Qd7 17. Qc6 Nbd5 18. Nxd5 Qxd5 19. Rfe1 Rfc8 20. Qxd5 Nxd5 21. Be5 Nb4 22. Re2 Nc6 23. Nc4 {Threatens to win with Nb6.} Ra7 24. Kf1 h6 25. Ra4 Bg5 26. h4 Be7 27. g3 Rd8 28. Bc3 Bf6 29. Re1 Bxc3 30. bxc3 Ne7 31. Ke2 Nd5 32. Kd2 Rc8 33. Rea1 Rc6 34. Na5 Rc8 35. Nc4 Rc6 $1 36. Rb1 Rc8 37. Rb3 Kh7 38. Ra5 Kg6 39. Rba3 Rcc7 40. Rxa6 Rxa6 41. Rxa6 $18 {[%mdl 4096] Endgame KRN-KRN} Kf6 42. Nd6 Ke7 43. c4 Nf6 44. Nb5 Rb7 45. Ke2 Nd7 46. Ke3 Rb8 47. Ra7 Rc8 48. c3 Rc6 49. Kd2 Rc8 50. Kc2 Rc6 51. Kb3 e5 52. d4 exd4 53. cxd4 cxd4 54. Nxd4 Rb6+ 55. Kc3 {Hoping for c5.} Kd8 56. f3 g6 57. f4 h5 58. Kd3 Nc5+ 59. Ke3 Ke8 (59... f5 $16 60. Ra3 Ne4) 60. Rc7 (60. Ra5 $18 Ne6 61. f5 Nxd4 62. Kxd4) 60... Nd7 (60... Nb3 $16) 61. c5 {[%cal Bc4c5,Bc5c6][%mdl 32]} Ra6 62. c6 Nf6 63. Rb7 $1 Ra3+ 64. Nb3 $2 (64. Ke2 $1 $18 {has better winning chances.} Nd5 65. f5) 64... Ra6 $16 65. Nd4 (65. c7 $16 {[%cal Rc7c8]} Rc6 66. Kd3) 65... Ra3+ $18 66. Rb3 Rxb3+ 67. Nxb3 {KN-KN} Ke7 68. f5 Kd6 {[#]} 69. fxg6 (69. Nd4 $1 $16) 69... fxg6 70. Nd4 Ke5 $2 {[%mdl 8192]} ({Black should play} 70... Kc5 $14) 71. Nb5 Nd5+ 72. Kf3 Ne7 73. Na7 $2 (73. c7 $18) 73... Nd5 74. Nb5 $2 {[%mdl 8192]} (74. Nc8 $11) 74... Ne7 $1 75. c7 Nc8 76. Ke3 Kd5 77. Kf4 Kc6 78. Kg5 Kxb5 79. Kxg6 Kc6 80. Kxh5 Kxc7 {[#] KN-KPP} 81. Kg6 $1 Kd7 82. h5 {[%cal Bh4h5,Bh5h6,Bh6h7][%mdl 32]} Ke8 83. Kg7 Nd6 84. g4 {[%cal Bg3g4,Bg4g5][%mdl 32]} Ke7 85. h6 Ne8+ 86. Kg6 Nd6 87. h7 Nf7 88. Kg7 Ke6 {[#]} 89. g5 $1 {[%mdl 512]} 1-0

[Event "1st Fischer Memorial 2017"]
[Site "Heraklion"]
[Date "2017.04.21"]
[Round "6"]
[White "Kourkoulos-Arditis, Stamatis"]
[Black "Theodorou, Nikolas"]
[Result "1/2-1/2"]
[WhiteElo "2365"]
[BlackElo "2487"]
[Annotator "TA"]
[PlyCount "109"]
[EventDate "2017.??.??"]
[EventType "tourn"]
[EventCountry "GRE"]
[SourceTitle "playchess.com"]
[Source "ChessBase"]
[SourceQuality "1"]

{[%evp 7,109,12,18,19,10,4,6,10,40,40,41,32,32,21,31,10,13,13,13,30,37,15,26,33,37,37,53,43,70,43,95,95,95,95,95,95,95,80,95,85,95,95,95,87,87,80,88,80,80,80,78,0,256,149,159,122,101,107,145,148,128,141,103,98,134,76,76,0,47,28,221,157,216,213,221,208,247,40,144,37,35,28,26,33,34,36,51,0,0,0,240,0,0,0,0,0,0,0,0,0,0,0,0,0]} 1. Nf3 d6 2. d4 Nf6 3. Bg5 Nbd7 4. Nc3 h6 {LiveBook: 9 Games} 5. Bxf6 {A46: 1 d4 Nf6 2 Nf3 e6: Torre, London and Colle Systems} (5. Bh4 c6 6. e4 e5 7. Qd2 Be7 8. h3 b5 9. a3 Bb7 10. Bg3 Qc7 11. Be2 a5 12. Bd3 b4 13. axb4 axb4 14. Rxa8+ Bxa8 {½-½ (51) Bernasek,J (2490)-Ftacnik,L (2568) Czechia 2011}) 5... Nxf6 6. e4 {[%cal Be2e4,Be4e5][%mdl 32]} c6 7. e5 Nd5 $146 (7... dxe5 8. Nxe5 Bf5 9. Bc4 e6 10. O-O Be7 11. Bb3 O-O 12. Re1 a5 13. a4 Qb6 14. Nc4 Qa7 15. Re5 Nd5 16. Nxd5 cxd5 17. Na3 Bf6 18. Nb5 {½-½ (18) Borsos,B (2350)-Dimitrova,L (2085) Dortmund 1990}) 8. Nxd5 cxd5 9. Bd3 g6 10. exd6 Qxd6 11. Bb5+ Bd7 12. Bxd7+ Qxd7 13. Ne5 Qf5 14. Qe2 {Hoping for Qb5+.} a6 15. O-O Bg7 16. f4 O-O 17. g4 $36 {[%mdl 2048] Black is under pressure.} Qf6 18. Rae1 Rac8 (18... Qb6 $14) 19. c3 $16 Rc7 20. f5 g5 21. Nd3 Qd6 22. Rf3 Bf6 23. Re3 Rd8 24. Qf3 a5 25. Qh3 Bg7 26. a4 b6 27. Qh5 Qf6 28. Ne5 Rb8 29. R1e2 (29. Qh3 $16) 29... Rbb7 $2 {[%mdl 8192]} (29... b5 $1 $11) 30. Rg2 (30. h4 $1 $18) 30... b5 31. axb5 Rxb5 32. h4 $1 Rcb7 (32... gxh4 33. g5 hxg5 34. Rxg5 Rxb2 35. Ng4 Rb1+ 36. Kg2 h3+ 37. Kh2 (37. Kxh3 Qa6 $16) 37... Rb2+ 38. Kxh3 $18) 33. Ree2 a4 ({Don't capture} 33... gxh4 $2 34. g5 hxg5 35. Rxg5 Rxb2 36. Rxb2 Rxb2 37. Ng4 Qxg5 38. Qxg5 $18) 34. hxg5 hxg5 35. Rh2 {Black must now prevent Ng6.} R5b6 36. Qh7+ (36. Re1 $142) 36... Kf8 37. Ref2 (37. Rh3 $16) 37... Rb3 38. Rh3 a3 $2 (38... R3b6 $1 $11) 39. bxa3 $18 Rxa3 (39... R3b6 $16 40. Kg2 Rb1) 40. Kg2 Ra1 41. Re3 Ke8 42. Qg8+ (42. Ree2 $18) 42... Bf8 $16 {[#]} 43. Rh3 (43. Ng6 $1 $16 fxg6 44. fxg6) 43... Qg7 $14 44. Rh8 {Threatening mate with Qxg7.} Qxg8 45. Rxg8 Rbb1 $1 46. Ng6 Rg1+ 47. Kf3 (47. Kh2 $14 Rh1+ 48. Kg3 Rhg1+ 49. Rg2 fxg6 50. fxg6) 47... fxg6 $11 48. fxg6 {White threatens g7 and mate.} Ra8 $2 {[#]} (48... Ra3 $11 {and Black has nothing to worry.}) 49. Ke2 $2 ({Less strong is} 49. g7 Kf7 50. gxf8=R+ (50. gxf8=Q+ Rxf8 51. Rxg5 Ke6+ 52. Ke2 Rxf2+ 53. Kxf2 Rc1 $16) 50... Rxf8 51. Rxg5 Ke6+ 52. Ke2 Rxf2+ 53. Kxf2 Rc1 $16) ({Only move:} 49. Rh8 $1 $18 {g7 is the strong threat.} e5 50. dxe5) 49... Ra2+ {The position is equal.} 50. Ke3 {White wants to mate with g7.} Rxf2 51. Kxf2 {g7 would kill now.} Rxg4 ({Don't go for} 51... Rc1 $2 52. g7 Rc2+ 53. Ke1 Rc1+ 54. Kd2 $18) 52. g7 Rf4+ 53. Kg3 {Strongly threatening Rh8.} Rf7 54. gxf8=Q+ Rxf8 55. Rxf8+ 1/2-1/2

[Event "1st Fischer Memorial 2017"]
[Site "Heraklion"]
[Date "2017.04.21"]
[Round "6"]
[White "Migot, Tangi"]
[Black "Mitsis, Georgios"]
[Result "1/2-1/2"]
[WhiteElo "2355"]
[BlackElo "2239"]
[Annotator "ChessBase"]
[PlyCount "73"]
[EventDate "2017.??.??"]
[EventType "tourn"]
[EventCountry "GRE"]
[SourceTitle "playchess.com"]
[Source "ChessBase"]
[SourceQuality "1"]
[TimeControl "40/5400+30:1800+30"]

1. e4 {[%emt 0:00:00]} e6 {[%emt 0:00:13]} 2. d4 {[%emt 0:00:12]} d5 {[%emt 0:00:07]} 3. Nd2 {[%emt 0:00:06]} Nf6 {[%emt 0:00:16]} 4. e5 {[%emt 0:01:03]} Nfd7 {[%emt 0:00:05]} 5. f4 {[%emt 0:00:59]} c5 {[%emt 0:00:21]} 6. c3 {[%emt 0:00:24]} Nc6 {[%emt 0:00:15]} 7. Ndf3 {[%emt 0:00:47]} Qb6 {[%emt 0:00:26]} 8. g3 {[%emt 0:00:33]} cxd4 {[%emt 0:00:26]} 9. cxd4 {[%emt 0:00:06]} Bb4+ {[%emt 0:00:13]} 10. Kf2 {[%emt 0:00:54]} g5 {[%emt 0:00:35]} 11. fxg5 {[%emt 0:01:14]} Ndxe5 {[%emt 0:01:22]} 12. Nxe5 {[%emt 0:00:33]} Nxe5 {[%emt 0:00:06]} 13. Kg2 {[%emt 0:00:12]} Nc6 {[%emt 0:00:45]} 14. Nf3 {[%emt 0:01:13]} Bf8 {[%emt 0:01:01]} 15. b3 {[%emt 0:00:44]} Bg7 {[%emt 0:00:14]} 16. Bb2 {[%emt 0:00:59]} Bd7 {[%emt 0:01:24]} 17. Rc1 {[%emt 0:01:22]} O-O {[%emt 0:22:04]} 18. Bd3 {[%emt 0:06:30]} Rfe8 {[%emt 0:02:44]} 19. Re1 {[%emt 0:13:11]} Rac8 {[%emt 0:02:14]} 20. Bb1 {[%emt 0:13:15]} Ne7 {[%emt 0:04:10]} 21. Ne5 {[%emt 0:01:17]} Bxe5 {[%emt 0:01:47]} 22. Rxc8 {[%emt 0:08:47]} Rxc8 {[%emt 0:00:49]} 23. Rxe5 {[%emt 0:00:21]} Qd6 {[%emt 0:03:30]} 24. Qd3 {[%emt 0:05:04]} Ng6 {[%emt 0:00:51]} 25. Re2 {[%emt 0:00:52]} Qb4 {[%emt 0:12:15]} 26. Rf2 {[%emt 0:03:35]} Bb5 {[%emt 0:12:18]} 27. Qf3 {[%emt 0:03:53]} Rc7 {[%emt 0:02:18]} 28. h4 {[%emt 0:02:42]} Qe1 {[%emt 0:10:06]} 29. Qf6 {[%emt 0:06:10]} Nf8 {[%emt 0:06:59]} 30. g6 {[%emt 0:04:34]} hxg6 {[%emt 0:06:43]} 31. Ba3 {[%emt 0:13:31]} Qxb1 {[%emt 0:02:06]} 32. Bxf8 {[%emt 0:00:15]} Qe4+ {[%emt 0:00:29]} 33. Kh2 {[%emt 0:00:33]} Kxf8 {[%emt 0:00:20]} 34. Qd8+ {[%emt 0:00:31]} Be8 {[%emt 0:00:25]} 35. Qxc7 {[%emt 0:00:45]} Qxd4 {[%emt 0:00:13]} 36. Kg1 {[%emt 0:02:48]} Qe3 {[%emt 0:01:01]} 37. Qd6+ {[%emt 0:05:41]} 1/2-1/2

[Event "1st Fischer Memorial 2017"]
[Site "Heraklion"]
[Date "2017.04.22"]
[Round "7"]
[White "Postny, Evgeny"]
[Black "Kourkoulos-Arditis, Stamatis"]
[Result "1-0"]
[WhiteElo "2606"]
[BlackElo "2365"]
[Annotator "TA"]
[PlyCount "117"]
[EventDate "2017.??.??"]
[EventType "tourn"]
[EventCountry "GRE"]
[SourceTitle "playchess.com"]
[Source "ChessBase"]
[SourceQuality "1"]

{[%evp 24,117,47,37,57,27,40,35,46,49,52,52,48,28,35,16,19,-30,-17,-21,-22,-38,0,0,-6,-7,0,-18,-16,-31,0,-57,0,0,0,0,0,0,0,-7,-7,-19,-4,-4,0,-18,-14,-37,0,0,108,108,108,104,97,102,104,104,101,48,71,69,109,87,113,99,155,147,182,170,352,349,380,371,347,287,308,308,294,302,282,274,440,440,404,320,353,313,248,114,114,114,137,140,665,197]} 1. Nf3 Nf6 2. c4 e6 3. Nc3 c5 4. g3 b6 5. Bg2 Bb7 6. O-O Be7 7. d4 cxd4 8. Qxd4 Nc6 9. Qf4 O-O 10. Rd1 a6 11. e4 {A30: Symmetrical English: Double Fianchetto and Hedgehog} (11. b3 Rc8 12. e4 Ne8 13. Bb2 d6 14. Rac1 Bf6 15. Qe3 Qc7 16. Ba3 Bxc3 17. Rxc3 b5 18. cxb5 axb5 19. e5 Qa5 20. Bxd6 Nxd6 21. exd6 {1-0 (29) Erdos,V (2650)-Nemeth,M (2473) Hungary 2014}) 11... d6 12. b3 Qc7 13. Ba3 {[%cal Ra3d6] LiveBook: 3 Games. White is slightly better.} Rad8 14. Qe3 $146 (14. h3 Ne5 15. Rac1 b5 16. c5 Nxf3+ 17. Bxf3 e5 18. cxd6 Bxd6 19. Bxd6 Rxd6 20. Qe3 Rxd1+ 21. Rxd1 {½-½ (21) Berescu,A (2481)-Ptacnikova,L (2307) Aix les Bains 2011}) 14... b5 15. cxb5 axb5 16. Nxb5 Qa5 17. Bf1 {[%cal Ra3d6]} ({Of course not} 17. Nxd6 Qxa3 18. Nxb7 Rxd1+ 19. Rxd1 Qb4 $15) 17... Ba6 18. Qc3 {Strongly threatening Qxa5.} Qb6 19. Nbd4 Rc8 {[%cal Bd8c8,Bc8c6,Bc6a6][%mdl 32]} 20. Nxc6 Rxc6 21. Qd4 Bxf1 22. Rxf1 Qxd4 23. Nxd4 Ra6 24. Bb2 Nxe4 25. Rfc1 Bf6 26. Rc2 $1 h6 27. b4 (27. Ne2 $11) 27... Rb6 ({Better is} 27... Rfa8 $15 28. a3 Ra4) 28. a3 $1 $11 d5 29. Nb3 Bxb2 30. Rxb2 Ra8 31. Rc2 Nd6 32. Na5 Nb5 33. Rc5 Kf8 34. Kg2 Ke7 35. Rd1 Kd7 ({Don't play} 35... Nxa3 $6 36. Ra1 $16) 36. Rd3 $1 Ra7 (36... Nd6 $11 {remains equal.}) 37. Nc4 $1 $16 {[%cal Rc4b6]} Rbb7 38. Ne5+ Kd6 39. Nxf7+ $1 Rxf7 40. Rxb5 {[%mdl 4096] Endgame KRR-KRR} Ra6 41. Rc5 (41. h4 $16) 41... Rfa7 $14 42. Rcc3 Rc6 43. Rxc6+ Kxc6 $16 {KR-KR} 44. f4 Kb5 (44... g5 $142) 45. Rc3 Rd7 46. Kf3 d4 $2 (46... Ka4 47. h4 Rd6) 47. Rd3 $18 Kc4 48. Ke4 $1 Rd5 49. b5 Kxb5 50. Rxd4 Rh5 {[#]} 51. h4 $1 Kc6 52. Ra4 Kd6 $2 (52... Kb7 53. Kd4 Rd5+ 54. Ke3 Rc5) 53. Ra7 g6 54. Rg7 Ra5 55. Rxg6 h5 56. Kf3 (56. Rg5 $18 {and White stays clearly on top.} Rxa3 57. f5 (57. Rxh5 Rxg3 58. Rh7 Rc3 $16)) 56... Rxa3+ $16 {[#]} 57. Kg2 $1 {aiming for Rg5.} Ra8 58. f5 Re8 $2 {[%mdl 8192]} (58... Ra5 $16) 59. Rh6 $2 (59. Kf3 Kd5 60. Rxe6) 1-0

[Event "1st Fischer Memorial 2017"]
[Site "Heraklion"]
[Date "2017.04.22"]
[Round "7"]
[White "Theodorou, Nikolas"]
[Black "Pavlidis, Anastasios"]
[Result "1-0"]
[WhiteElo "2487"]
[BlackElo "2380"]
[Annotator "TA"]
[PlyCount "63"]
[EventDate "2017.??.??"]
[EventType "tourn"]
[EventCountry "GRE"]
[SourceTitle "playchess.com"]
[Source "ChessBase"]
[SourceQuality "1"]

{[%evp 19,63,36,77,51,72,64,91,43,62,20,28,11,15,9,31,19,32,36,32,-37,-17,-40,-39,-37,-40,-37,106,106,119,104,122,98,113,145,220,242,232,224,352,350,608,587,685,682,829,829]} 1. e4 d6 2. d4 Nf6 3. Nc3 Nbd7 4. Nf3 e5 5. Bc4 Be7 6. O-O O-O 7. Re1 c6 8. a4 b6 9. Bg5 a6 10. d5 {C41: Philidor Defence} (10. Qe2 Qc7 11. d5 c5 12. Nd2 Qd8 13. Be3 Ne8 14. Rab1 Bg5 15. b4 Bxe3 16. Qxe3 g6 17. Bf1 f5 18. exf5 gxf5 {1-0 (36) Grischuk,A (2774)-Bocharov,D (2560) Berlin 2015}) 10... c5 {LiveBook: 42 Games} 11. Qe2 Ne8 12. Be3 {White is better.} g6 13. Nd2 $146 (13. Bh6 Ng7 14. Qd2 Nf6 15. h3 Kh8 16. Qd3 Ng8 17. Bd2 f5 {½-½ (38) Teubert,J (2184)-Schirbel,A DESC email 2003}) 13... f5 {Threatens to win with ...f4.} 14. exf5 gxf5 15. f4 e4 16. g4 {With the idea gxf5.} Ndf6 17. gxf5 Bxf5 18. Kh1 Kh8 19. Rg1 (19. Bxa6 $14 Ng4 20. Bb7) 19... Nc7 $15 20. Rg5 (20. Qg2 Rg8 21. Qe2 b5 $1 {[%mdl 512]} 22. axb5 axb5 23. Bxb5 Rxa1 24. Rxa1 Bg4 $17) 20... Qd7 21. Rag1 b5 22. Qg2 {Rxf5! is the strong threat.} (22. Rxf5 $2 Qxf5 23. Rg5 (23. axb5 $2 axb5 24. Nxb5 Ncxd5 $19) 23... Qh3 $19) 22... Ng4 (22... bxc4 $6 23. Rxf5 $1 {[%mdl 512]} Rg8 24. Rg5 $16) (22... Rg8 $15 {stays ahead.} 23. Ncxe4 (23. Ndxe4 Ng4 24. Rxg8+ Rxg8 25. axb5 axb5 $15) 23... Ng4 24. Rxg8+ Rxg8) 23. Rxg4 $40 {[%mdl 128] White has strong attack.} Bxg4 {[#]} 24. Be2 $1 {[%cal Re2g4]} h5 {[#] And now ...Rg8 would win.} 25. h3 $1 {[%cal Rh3g4]} b4 26. Nd1 (26. hxg4 bxc3 27. bxc3 (27. gxh5 $2 Rg8 28. Bg4 cxd2 $19) 27... Nxd5 28. Qxe4 Nxe3 29. Qxe3 Rae8 $17) 26... Rf7 (26... Nxd5 $16 {was called for.} 27. hxg4 (27. Nxe4 Nxe3 28. Nxe3 d5 $14) 27... Nxf4) 27. hxg4 $18 hxg4 {Strongly threatening ...Rh7+.} 28. Qxe4 g3 (28... Rh7+ {is a better defense.} 29. Kg2 g3) 29. Rxg3 Bh4 $2 (29... Rg8 30. Rxg8+ Kxg8) 30. Bg4 {White is clearly winning.} Qe7 31. Rh3 Rh7 32. Bf5 1-0

[Event "1st Fischer Memorial 2017"]
[Site "Heraklion"]
[Date "2017.04.22"]
[Round "7"]
[White "Goumas, Georgios"]
[Black "Migot, Tangi"]
[Result "1/2-1/2"]
[WhiteElo "2407"]
[BlackElo "2355"]
[Annotator "TA"]
[PlyCount "46"]
[EventDate "2017.??.??"]
[EventType "tourn"]
[EventCountry "GRE"]
[SourceTitle "playchess.com"]
[Source "ChessBase"]
[SourceQuality "1"]

{[%evp 31,46,34,42,-44,-46,-44,-47,-53,-46,-54,-39,-35,-35,-39,-39,-59,-20]} 1. e4 c5 2. Nf3 Nc6 3. d4 cxd4 4. Nxd4 e5 5. Nb5 a6 6. Nd6+ Bxd6 7. Qxd6 Qf6 8. Qd1 Qg6 9. Nc3 {[%cal Bb1c3,Bc3d5,Bd5c7][%mdl 32]} d5 10. Nxd5 Qxe4+ 11. Be3 Nd4 12. Nc7+ Ke7 13. Rc1 Bg4 14. Qd3 Qxd3 15. Bxd3 Rd8 16. h3 Bh5 {LiveBook: 14 Games. B32: Sicilian: Löwenthal and Kalashnikov Variations} 17. O-O $146 (17. f4 $14) (17. f4 Kd6 18. c3 Nc6 19. Nxa6 bxa6 20. g4 Nf6 21. gxh5 Nd5 22. Kf2 exf4 23. Bd2 Ne5 24. Be2 {½-½ (33) Zinchenko,Y (2497)-Oleksienko,M (2567) Odessa 2007}) 17... Kd6 $15 {Black is slightly better.} 18. c3 Nf3+ 19. gxf3 {[#] Black must now prevent Nxa6.} Kxc7 20. Bc4 Bxf3 21. Bxf7 Nh6 22. Bb3 Nf5 23. Bd1 Bxd1 1/2-1/2

[Event "1st Fischer Memorial 2017"]
[Site "Heraklion"]
[Date "2017.04.22"]
[Round "7"]
[White "Gungl, Theo"]
[Black "Kapnisis, Spyridon"]
[Result "0-1"]
[WhiteElo "2269"]
[BlackElo "2451"]
[Annotator "TA"]
[PlyCount "90"]
[EventDate "2017.??.??"]
[EventType "tourn"]
[EventCountry "GRE"]
[SourceTitle "playchess.com"]
[Source "ChessBase"]
[SourceQuality "1"]

{[%evp 18,90,31,16,31,21,26,23,36,0,0,0,0,0,0,0,-2,-19,-23,-38,-42,-52,-37,-50,-28,-50,-14,-28,-12,-31,-20,-45,-29,-29,-29,-29,-29,-31,-13,-34,-32,-23,-33,-83,-75,-132,-99,-139,-115,-117,-107,-148,-149,-200,-203,-195,-175,-208,-187,-270,-263,-282,-285,-282,-284,-287,-284,-287,-235,-283,-283,-603,-600,-1109,-1098]} 1. e4 c5 2. Nf3 e6 3. d4 cxd4 4. Nxd4 Nc6 5. Nc3 Qc7 6. g3 a6 7. Bg2 Nge7 8. O-O Nxd4 {B47: Sicilian: Taimanov: 5 Nc3 Qc7 6 f4, 6 g3 and 6 Be2} 9. Qxd4 Nc6 10. Qd1 {LiveBook: 9 Games} (10. Qd3 $5 {seems wilder.} Be7 11. Be3 b5 12. f4 d6 13. Rfd1) 10... d6 {The position is equal.} 11. f4 Be7 12. Be3 b5 13. f5 $146 (13. Ne2 O-O 14. c3 Bb7 15. Qd2 Rac8 16. g4 {0-1 (86) Janzelj,T (2305)-Markus,R (2615) Skopje 2015}) 13... Ne5 14. Bd4 O-O 15. fxe6 fxe6 16. Rxf8+ Bxf8 17. Qe2 Bd7 18. a3 Be7 19. Rf1 Bf6 20. Kh1 Rb8 21. Bh3 a5 22. Nd1 b4 23. axb4 axb4 {[#] Strongly threatening ...Bb5.} 24. c3 Kh8 25. Bxe5 Bxe5 26. cxb4 Bf6 {Hoping for ...Bb5.} 27. Qd2 Qb6 $36 {[%mdl 2048] Black has some pressure.} 28. Nf2 Qxb4 29. Qxb4 Rxb4 30. e5 dxe5 31. Bg2 (31. Ng4 $142) 31... Rxb2 32. Ne4 Bb5 33. Rc1 {[#] White wants to mate with Rc8+.} h6 34. Nd6 Ba6 35. Ra1 (35. Be4 $17 {might work better.}) 35... Rb6 $19 36. Ne4 Kg8 37. Rc1 Bb7 38. h3 (38. Rd1 $142 Be7 39. Nf2) 38... Rb2 {White must now prevent ...Rxg2!} 39. Re1 Be7 40. Bf3 Bd5 41. Bg2 Bb4 42. Re3 Bc5 43. Re1 Bb6 44. Kh2 $2 (44. h4) 44... Bf2 45. Rf1 Be3 0-1

[Event "1st Fischer Memorial 2017"]
[Site "Heraklion"]
[Date "2017.04.22"]
[Round "7"]
[White "Mitsis, Georgios"]
[Black "Ristic, Nenad"]
[Result "0-1"]
[WhiteElo "2239"]
[BlackElo "2414"]
[Annotator "TA"]
[PlyCount "112"]
[EventDate "2017.??.??"]
[EventType "tourn"]
[EventCountry "GRE"]
[SourceTitle "playchess.com"]
[Source "ChessBase"]
[SourceQuality "1"]

{[%evp 17,112,-29,-28,-40,-30,-31,-34,-31,-39,-42,3,-5,-15,-52,0,-18,-18,-32,-19,-18,-17,-23,-29,-63,-61,-52,-69,-105,-106,-104,-104,-116,-87,-192,-110,-110,-110,-111,-110,-110,-110,-122,-93,-93,-92,-92,-92,-92,-93,-91,-93,-93,-93,-93,-93,-90,-85,-89,-72,-100,-93,-96,-101,-102,-87,-103,-91,-102,-101,-125,-125,-120,-118,-164,-164,-185,-175,-362,-354,-6139,-5222,-5214,-5214,-5206,-5206,-29977,-29978,-29978,-29979,-29979,-29980,-29980,-29981,-29979,-29981,-29982,-29983]} 1. d4 Nf6 2. c4 c5 3. Nf3 cxd4 4. Nxd4 e5 5. Nb5 d5 6. cxd5 Bc5 7. e3 O-O 8. Be2 Nxd5 9. O-O {A31: Symmetrical English: 2 Nf3 Nf6 3 d4} Nc6 {LiveBook: 4 Games} 10. N1c3 (10. a3 Be6 11. b4 Bb6 12. N1c3 Nxc3 13. Nxc3 f6 14. Qxd8 Rfxd8 15. Na4 Ne7 16. Rd1 Bb3 17. Rxd8+ Rxd8 18. Nxb6 axb6 19. Kf1 Rc8 {0-1 (56) Kurajica,B (2555)-Vuckovic,B (2572) Banja Vrucica 2009}) 10... Nf6 11. Bf3 {Black has an edge.} Qe7 $146 (11... a6 12. Qxd8 Rxd8 13. Nc7 Rb8 14. Nxa6 bxa6 15. Bxc6 Bg4 16. h3 Rb6 {½-½ (36) Perez Ramos,F (2021)-Girardin,Y Asturias 2001}) 12. Nd5 Nxd5 13. Bxd5 e4 14. Nc3 Bf5 15. a3 Rad8 16. Qc2 $1 {[%cal Rd5e4]} Rfe8 $36 {[%mdl 2048] Black has good play.} 17. f3 Nd4 18. Qf2 Nb5 19. fxe4 Nxc3 20. Qxf5 Nxd5 21. exd5 Rd6 22. Qd3 Red8 ({Of course not} 22... Bxe3+ $6 23. Bxe3 Qxe3+ 24. Qxe3 Rxe3 25. Rac1 $11) 23. b4 Rxd5 24. Qc3 Bd6 25. Bb2 {[#]} (25. Ra2 $17 {was necessary.}) 25... Be5 (25... Qg5 $1 $19 {Hoping for ...Be5.} 26. Rf2 Be5) 26. Qc1 $17 Bxb2 27. Qxb2 Qxe3+ 28. Qf2 Qxf2+ 29. Kxf2 {[%mdl 4096] Endgame KRR-KRR} Rf5+ 30. Kg1 Rxf1+ 31. Kxf1 {KR-KR} Kf8 32. Rc1 Ke7 33. Ke2 Rd6 34. Rc7+ Rd7 35. Rc8 h5 36. Ke3 Ke6 37. a4 Kd6 38. Rc5 g6 39. Rc8 Rc7 40. Rd8+ Ke6 41. Rb8 Ke5 42. Kd3 h4 43. Re8+ Kf5 44. Rd8 f6 45. b5 b6 46. Rd4 g5 {[%cal Bg6g5,Bg5h4][%mdl 32]} 47. g3 $2 {[#]} (47. g4+ hxg3 48. hxg3) 47... Rc1 $1 $19 {[%cal Rc1d1]} 48. gxh4 $2 (48. Ke3 hxg3 49. hxg3) 48... Rd1+ 49. Kc3 Rxd4 50. Kxd4 gxh4 {KP-KP} 51. Kd5 Kg4 {Black mates.} 52. Kc6 f5 53. Kb7 f4 54. Kxa7 f3 55. a5 f2 56. axb6 f1=Q 0-1